| 000 | 00504nam a2200205Ia 4500 | ||
|---|---|---|---|
| 008 | 180523s9999 xx 000 0 und d | ||
| 020 | _a0-201-35216-8 | ||
| 050 | _aMAIN QA 445 | ||
| 050 | _b.G46 1994 | ||
| 245 | 0 | _aGeometry / | |
| 245 | 0 | _cStanley R. Clemens… [[et al].] | |
| 260 | _aNew York : | ||
| 260 | _bAddison-Wesley Publishing,. | ||
| 260 | _c1994 | ||
| 300 | _a726 pages : | ||
| 300 | _billustrations ; | ||
| 300 | _c23 cm. | ||
| 500 | _aIncludes index. | ||
| 650 | _aGeometry. | ||
| 999 |
_c357479 _d357479 |
||